| 000 | 00429nam a2200169Ia 4500 | ||
|---|---|---|---|
| 008 | 221030s9999 xx 000 0 und d | ||
| 020 | _a0070995427 | ||
| 041 | _aEnglish | ||
| 082 |
_a105.23 _bRic |
||
| 100 | _aF. K. Richtmyer | ||
| 245 | 0 |
_aIntroduction to Modern Physics _cby F. K. Richtmyer, E. H. Kennard |
|
| 260 |
_bTMH _aNew Delhi _c1999 |
||
| 300 | _a767 | ||
| 650 | _aPhysics | ||
| 700 | _aE. H. Kennard | ||
| 942 | _cBK | ||
| 999 |
_c2514 _d2514 |
||